000 00733aam a2200277 4500
005 20260518132626.0
008 150610b2010 xxu||||| |||| 00| 0 spa d
020 _a9789977952871
041 _aESP
082 _aCR 863.44 D352v
100 _aDelgado Cascante, Manuel Enrique
_923984
245 _aEl vuelo del Ra
260 _aCosta Rica
260 _bUruk Editores
260 _c2010
300 _a152 páginas
490 _aTemática General
650 _aTEMÁTICA GENERAL
650 _aNOVELA COSTARRICENSE
650 _aLITERATURA COSTARRICENSE
650 _aDESTRUCCIÓN DE LA TIERRA
650 _aSUPERVIVENCIA HUMANA
650 _aGLOBALIZACIÓN
650 _aFUTURO DE LA HUMANIDAD
942 _cLIT
_2ddc
999 _c2737
_d2737